Así es Caracas
I tiakina i:
| Kaituhi matua: | |
|---|---|
| Hōputu: | Pukapuka |
| Reo: | Pāniora |
| I whakaputaina: |
Caracas
El Mes Financiero y Económico de Venezuela
1951
|
| Ngā marau: | |
| Ngā Tūtohu: |
Tāpirihia he Tūtohu
Kāore He Tūtohu, Me noho koe te mea tuatahi ki te tūtohu i tēnei pūkete!
|
MARC
| LEADER | 00000nam a2200000 a 4500 | ||
|---|---|---|---|
| 001 | UCO3783 | ||
| 003 | CL-VaPUC | ||
| 008 | 000720e19510000VE |||||||||||||||||spa|d | ||
| 082 | 0 | 4 | |a 987.7 |b MEN |2 21 |
| 100 | |a Mendoza Neira, Plinio |e autor |9 447699 | ||
| 245 | 1 | 0 | |a Así es Caracas |
| 300 | |a pag. irreg | ||
| 942 | |c BK | ||
| 945 | |d 20000720 00:00:00 |a crobeson | ||
| 260 | |a Caracas |b El Mes Financiero y Económico de Venezuela |c 1951 | ||
| 650 | 0 | |a Ciudades |9 265474 | |
| 650 | 0 | |a Historia |9 255047 | |
| 651 | 7 | |a CARACAS |2 CL-VaPUC |9 323786 | |
| 651 | 0 | |a Venezuela |9 254993 | |
| 583 | |a last modification |c 20000720 00:00:00 |k Rodrigo Vera | ||
| 999 | |c 289914 |d 289912 | ||
| 952 | |0 0 |1 0 |4 0 |6 987_700000000000000_MEN_1951 |7 0 |8 A |9 338881 |a BIBHIS |b BIBHIS |d 2019-11-20 |i 1201042 |o 987.7 MEN 1951 |p 1201042 |r 2025-01-20 |w 2019-11-20 |y BK |k HIS | ||